Kinder- und Jugendpsychiatrie - wie, wo, für wen? - Fragen der Versorgung und Versorgungsforschung

Guardado en:  
Detalles Bibliográficos
Autor principal: Specht, Friedrich (Autor)
Tipo de documento: Print Artículo
Lenguaje:Alemán
Publicado: 1992
En: Praxis der Kinderpsychologie und Kinderpsychiatrie
Año: 1992, Volumen: 41, Número: 3, Páginas: 83-90
Verificar disponibilidad: HBZ Gateway
Palabras clave:

MARC

LEADER 00000caa a22000002c 4500
001 1640305890
003 DE-627
005 20220608131645.0
007 tu
008 160223s1992 xx ||||| 00| ||ger c
035 |a (DE-627)1640305890 
035 |a (DE-576)456111492 
035 |a (DE-599)BSZ456111492 
040 |a DE-627  |b ger  |c DE-627  |e rakwb 
041 |a ger 
100 1 |a Specht, Friedrich  |0 (DE-627)1233136305  |0 (DE-576)163136300  |4 aut 
109 |a Specht, Friedrich  |a Specht, F.  |a Specht, Karl  |a Specht, F. A. C. von  |a Specht, Friedrich Karl  |a Specht, F. A. K. von  |a Specht, Carl 
245 1 0 |a Kinder- und Jugendpsychiatrie - wie, wo, für wen? - Fragen der Versorgung und Versorgungsforschung  |c Friedrich Specht 
264 1 |c 1992 
336 |a Text  |b txt  |2 rdacontent 
337 |a ohne Hilfsmittel zu benutzen  |b n  |2 rdamedia 
338 |a Band  |b nc  |2 rdacarrier 
773 0 8 |i In  |t Praxis der Kinderpsychologie und Kinderpsychiatrie  |d Göttingen : Vandenhoeck & Ruprecht, 1952  |g 41(1992), 3, Seite 83-90  |w (DE-627)129303798  |w (DE-600)123711-1  |w (DE-576)014498332  |x 0032-7034  |7 nnas 
773 1 8 |g volume:41  |g year:1992  |g number:3  |g pages:83-90 
935 |a mkri 
951 |a AR 
ELC |b 1 
LOK |0 000 xxxxxcx a22 zn 4500 
LOK |0 001 3301855156 
LOK |0 003 DE-627 
LOK |0 004 1640305890 
LOK |0 005 20160223101613 
LOK |0 008 160208||||||||||||||||ger||||||| 
LOK |0 040   |a DE-21-110  |c DE-627  |d DE-21-110 
LOK |0 689   |a s  |a Kinder und Jugendliche 
LOK |0 689   |a s  |a Kinder- und Jugendpsychiatrie 
LOK |0 689   |a s  |a Versorgung 
LOK |0 689   |a s  |a Psychiatrische Versorgung 
LOK |0 852   |z Kein Bestand am IfK; Nachweis für KrimDok 
LOK |0 852   |a DE-21-110 
LOK |0 852 1  |m v  |9 00 
LOK |0 935   |a k110 
LOK |0 938   |k v 
LOK |0 939   |a 08-02-16  |b l01 
ORI |a SA-MARC-krimdoka001.raw